LEADER 01285nam0 2200301 450 001 000043022 005 20170504123941.0 100 $a20170504d1946----km-y0itaa50------ba 101 0 $aita 102 $aIT 200 1 $a<>agricoltura e la riforma agraria$fGiuseppe Medici 210 $aMilano ; Roma$cRizzoli$d1946 215 $a139 p., 13 carte di tav.$cill.$d24 cm 225 2 $aCollana di studi economici e finanziari$v2 316 $aSu una pagina precedente il front. firma autografa: Gioacchino Viggiani 8 novembre 1946 410 0$12001$aCollana di studi economici e finanziari$v2 606 1 $aAgricoltura$yItalia 606 2 $aRiforma agraria$yItalia$z1940-1950 676 $a338.9$v(22. ed.)$9Produzione. Sviluppo e crescita economica 676 $a338.10945$v(22. ed.)$9Produzione. Agricoltura. Italia 700 1$aMedici,$bGiuseppe$f<1907-2000>$03599 801 0$aIT$bUniversità della Basilicata - B.I.A.$gREICAT$2unimarc 912 $a000043022 996 $aAgricoltura e la riforma agraria$9514852 997 $aUNIBAS CAT $aTTM$b30$c20170504$lBAS01$h1239 FMT Z30 -1$lBAS01$LBAS01$mBOOK$1BASA2$APolo Tecnico-Scientifico$2FVIG$BFondo Viggiani$3FVig.41514$641514$5T41514$7Collocato presso la Scuola di Agraria$820170504$f35$FStanza riservata LEADER 01643oam 2200445zu 450 001 996198221303316 005 20210807003403.0 035 $a(CKB)111026746739718 035 $a(SSID)ssj0000437073 035 $a(PQKBManifestationID)12129386 035 $a(PQKBTitleCode)TC0000437073 035 $a(PQKBWorkID)10432298 035 $a(PQKB)10484894 035 $a(EXLCZ)99111026746739718 100 $a20160829d1994 uy 101 0 $aeng 181 $ctxt 182 $cc 183 $acr 200 10$aThird International Conference on the Software Process : applying the software process : proceedings, October 10-11, 1994, Reston, Virginia 210 31$a[Place of publication not identified]$cIEEE Computer Society Press$d1994 300 $aBibliographic Level Mode of Issuance: Monograph 311 $a0-8186-6695-1 606 $aComputer software$xCongresses 606 $aEngineering & Applied Sciences$2HILCC 606 $aComputer Science$2HILCC 615 0$aComputer software$xCongresses 615 7$aEngineering & Applied Sciences 615 7$aComputer Science 676 $a005.1 712 02$aInternational Software Process Association 712 02$aIEEE Computer Society 712 02$aACM Sigsoft 712 02$aIEEE Computer Society Technical Council on Software Engineering 712 12$aInternational Conference on the Software Process 801 0$bPQKB 906 $aBOOK 912 $a996198221303316 996 $aThird International Conference on the Software Process : applying the software process : proceedings, October 10-11, 1994, Reston, Virginia$92507814 997 $aUNISA